<?xml version="1.0" encoding="UTF-8"?>
<record
    xmlns:xsi="http://www.w3.org/2001/XMLSchema-instance"
    xsi:schemaLocation="http://www.loc.gov/MARC21/slim http://www.loc.gov/standards/marcxml/schema/MARC21slim.xsd"
    xmlns="http://www.loc.gov/MARC21/slim">

  <leader>01869nam a2200277uu 4500</leader>
  <controlfield tag="001">1197927</controlfield>
  <controlfield tag="005">20260507135253.0</controlfield>
  <controlfield tag="007">cr|||||||</controlfield>
  <controlfield tag="008">100426e20100426                    spa  </controlfield>
  <datafield tag="035" ind1=" " ind2=" ">
    <subfield code="a">1197927</subfield>
  </datafield>
  <datafield tag="040" ind1=" " ind2=" ">
    <subfield code="c">comduadb</subfield>
  </datafield>
  <datafield tag="041" ind1=" " ind2=" ">
    <subfield code="a">spa</subfield>
  </datafield>
  <datafield tag="080" ind1=" " ind2=" ">
    <subfield code="a">PMC</subfield>
  </datafield>
  <datafield tag="100" ind1="1" ind2="0">
    <subfield code="a">R&#xED;os Arias, Juan David</subfield>
    <subfield code="4">aut</subfield>
    <subfield code="e">aut</subfield>
    <subfield code="9">594470</subfield>
  </datafield>
  <datafield tag="245" ind1="1" ind2="0">
    <subfield code="a">Ingenier&#xED;a de mantenimiento en Cristaler&#xED;a Peldar S.A.</subfield>
  </datafield>
  <datafield tag="260" ind1=" " ind2=" ">
    <subfield code="a">Medell&#xED;n :</subfield>
    <subfield code="b">[sin publicador],</subfield>
    <subfield code="c">2010.</subfield>
  </datafield>
  <datafield tag="300" ind1=" " ind2=" ">
    <subfield code="a">84 p&#xE1;ginas</subfield>
  </datafield>
  <datafield tag="520" ind1="3" ind2=" ">
    <subfield code="a">Uno de los campos de acci&#xF3;n de la ingenier&#xED;a mec&#xE1;nica, es el &#xE1;rea de mantenimiento, que representa para muchas compa&#xF1;&#xED;as en la industria el departamento de mayor importancia, puesto que es &#xE9;ste quien se encarga de preservar y garantizar una correcta y constante operaci&#xF3;n en equipos, que no perjudiquen ni alteren las actividades productivas, implementando diferentes metodolog&#xED;as y actividades asociadas a la gesti&#xF3;n y administraci&#xF3;n del mantenimiento. Bajo este orden de ideas, para un ingeniero en formaci&#xF3;n el tener su primer contacto con el departamento de mantenimiento mec&#xE1;nico, le proporciona una visi&#xF3;n globalizada de lo que significa la ingenier&#xED;a mec&#xE1;nica como tal, pudiendo establecer de esta manera, las relaciones entre los conceptos te&#xF3;ricos y los conceptos reales, y las afinidades en cuanto a &#xE1;reas espec&#xED;ficas de la ingenier&#xED;a. En el siguiente trabajo, se exponen las diferentes actividades realizadas en la Compa&#xF1;&#xED;a Cristaler&#xED;a Peldar S.A, como proceso de formaci&#xF3;n acad&#xE9;mica y pr&#xE1;ctica profesional, encaminadas a una evoluci&#xF3;n trascendental como ingeniero mec&#xE1;nico.</subfield>
  </datafield>
  <datafield tag="650" ind1=" " ind2=" ">
    <subfield code="a">Ingenier&#xED;a de mantenimiento</subfield>
    <subfield code="9">57771</subfield>
  </datafield>
  <datafield tag="650" ind1=" " ind2=" ">
    <subfield code="a">Peldar (Empresa Comercial)</subfield>
    <subfield code="9">38795</subfield>
  </datafield>
  <datafield tag="650" ind1=" " ind2=" ">
    <subfield code="a">Vidrio</subfield>
    <subfield code="9">7405</subfield>
  </datafield>
  <datafield tag="700" ind1="1" ind2="0">
    <subfield code="a">Moreno S&#xE1;nchez, Ricardo</subfield>
    <subfield code="4">ths</subfield>
    <subfield code="e">ths</subfield>
    <subfield code="9">403223</subfield>
  </datafield>
  <datafield tag="942" ind1=" " ind2=" ">
    <subfield code="c">TESIS</subfield>
  </datafield>
  <datafield tag="999" ind1=" " ind2=" ">
    <subfield code="c">544356</subfield>
    <subfield code="d">544356</subfield>
  </datafield>
  <datafield tag="502" ind1=" " ind2=" ">
    <subfield code="b">176</subfield>
    <subfield code="c">17</subfield>
  </datafield>
  <datafield tag="526" ind1=" " ind2=" ">
    <subfield code="a">178</subfield>
  </datafield>
  <datafield tag="952" ind1=" " ind2=" ">
    <subfield code="0">0</subfield>
    <subfield code="1">0</subfield>
    <subfield code="4">0</subfield>
    <subfield code="7">0</subfield>
    <subfield code="8">TESELEC</subfield>
    <subfield code="a">CENDI</subfield>
    <subfield code="b">CENDI</subfield>
    <subfield code="d">2010-04-26</subfield>
    <subfield code="i">C1085279</subfield>
    <subfield code="l">0</subfield>
    <subfield code="o">PMC 05938</subfield>
    <subfield code="r">2023-04-29 00:00:00</subfield>
    <subfield code="t">1</subfield>
    <subfield code="w">2023-04-29</subfield>
    <subfield code="y">INTER</subfield>
    <subfield code="z">Acceso restringido.</subfield>
  </datafield>
</record>
